[Event "XXXVII Olimpiadi femminile"]
[Site "Torino ITA"]
[Date "2006.05.25"]
[Round "5.2"]
[White "Zimina, Olga"]
[Black "Kachiani-Gersinska, Ketino"]
[Result "0-1"]
[WhiteElo "2404"]
[BlackElo "2421"]
[Annotator "GER-ITA1"]
[PlyCount "90"]
[EventDate "2006.05.21"]

1. e4 e5 2. Nf3 Nc6 3. Bc4 Nf6 4. d3 Be7 5. O-O O-O 6. Re1 d6 7. a4 Be6 8. Nbd2
Qd7 9. Nf1 Rae8 10. Bd2 a6 11. h3 Nd8 12. Ng3 Kh8 13. c3 b5 14. axb5 axb5 15.
Bb3 c5 16. d4 Bxb3 17. Qxb3 Ne6 18. d5 Nc7 19. Nh2 Ra8 20. f4 c4 21. Qc2 Na6
22. Nf3 exf4 23. Ne2 Nc5 24. Rxa8 Rxa8 25. Nxf4 Nfxe4 26. Rxe4 Qf5 27. Ng5 Qxg5
28. Re1 h6 29. Qd1 Bf6 30. Nh5 Qxd5 31. Nxf6 gxf6 32. Qe2 Nd3 33. Rf1 Qe5 34.
Qf3 Rg8 35. Bxh6 Rg3 36. Qxf6+ Qxf6 37. Rxf6 Nxb2 38. Rxf7 Nd1 39. Bf4 Rd3 40.
Rd7 Nxc3 41. Rxd6 Ne2+ 42. Kf2 Nxf4 43. Rb6 Rb3 44. h4 Rb2+ 45. Ke3 Nd5+ 0-1

[Event "XXXVII Olimpiadi femminile"]
[Site "Torino ITA"]
[Date "2006.05.25"]
[Round "5.3"]
[White "Nill, Jessica"]
[Black "Ambrosi, Eleonora"]
[Result "0-1"]
[WhiteElo "2339"]
[BlackElo "2136"]
[Annotator "GER-ITA1"]
[PlyCount "74"]
[EventDate "2006.05.21"]

1. d4 d5 2. Nf3 e6 3. c4 c6 4. e3 Bd6 5. Nc3 f5 6. Be2 Nf6 7. O-O Nbd7 8. Rb1
O-O 9. b4 Ne4 10. Qc2 Qf6 11. b5 a6 12. bxc6 bxc6 13. Na4 Qh6 14. Nb6 Rb8 15.
Nxd7 Bxd7 16. c5 Bc7 17. Rxb8 Rxb8 18. Bxa6 Qf6 19. Bd3 g5 20. Nd2 Qh6 21. g3
e5 22. f3 Nxd2 23. Qxd2 exd4 24. exd4 f4 25. g4 Qf6 26. Bc2 Qg7 27. Kg2 Bd8 28.
Bb3 Bf6 29. Bb2 h5 30. h3 Re8 31. Rf2 Re3 32. Bd1 hxg4 33. fxg4 Rg3+ 34. Kf1
Rxh3 35. Bf3 Qh7 36. a4 Bxg4 37. Qc2 Rh1+ 0-1

[Event "XXXVII Olimpiadi femminile"]
[Site "Torino ITA"]
[Date "2006.05.25"]
[Round "5.1"]
[White "Hoang, Thi Bao Tram"]
[Black "Repkova, Eva"]
[Result "1/2-1/2"]
[WhiteElo "2349"]
[BlackElo "2346"]
[Annotator "VIE-SVK"]
[PlyCount "43"]
[EventDate "2006.05.21"]

1. e4 e6 2. d4 d5 3. Nd2 c5 4. exd5 Qxd5 5. Ngf3 cxd4 6. Bc4 Qd6 7. O-O Nf6 8.
Nb3 Nc6 9. Nbxd4 Nxd4 10. Nxd4 Bd7 11. c3 Qc7 12. Be2 O-O-O 13. Qb3 h5 14. h3
Bc5 15. Qc4 Ng4 16. Nf3 b5 17. Qf4 e5 18. Qe4 Bc6 19. Qf5+ Bd7 20. Qe4 Bc6 21.
Qf5+ Bd7 22. Qe4 1/2-1/2

[Event "XXXVII Olimpiadi femminile"]
[Site "Torino ITA"]
[Date "2006.05.25"]
[Round "5.2"]
[White "Hagarova, Zuzana"]
[Black "Le, Thanh Tu"]
[Result "1-0"]
[WhiteElo "2377"]
[BlackElo "2239"]
[Annotator "VIE-SVK"]
[PlyCount "101"]
[EventDate "2006.05.21"]

1. e4 c5 2. Nf3 d6 3. d4 cxd4 4. Nxd4 Nf6 5. Nc3 a6 6. Bg5 e6 7. Qd3 Nbd7 8.
O-O-O b5 9. f4 Bb7 10. e5 dxe5 11. fxe5 Nxe5 12. Qg3 Ned7 13. Bxf6 gxf6 14. Be2
Qb8 15. Qh4 b4 16. Nxe6 bxc3 17. Nxf8 Nxf8 18. Qa4+ Ke7 19. Rhe1 Ne6 20. Rd7+
Kf8 21. Qb4+ Kg7 22. Rxb7 cxb2+ 23. Kb1 Qxh2 24. Bc4 Ng5 25. Bxf7 Rhf8 26. Bb3+
Kh8 27. Qe7 Qh6 28. Kxb2 a5 29. a4 Qg6 30. Rd1 Rfe8 31. Qc7 Rec8 32. Qb6 Rf8
33. Rdd7 Qe4 34. Qc7 Qg6 35. Rg7 Qh6 36. Re7 Rfc8 37. Qb6 Qg6 38. Ra7 Rab8 39.
Reb7 Rxb7 40. Qxb7 Rd8 41. Rxa5 Ne4 42. Ra7 Rf8 43. Qc7 Ng5 44. a5 Re8 45. a6
Ne6 46. Bxe6 Rxe6 47. Ra8+ Re8 48. Qc6 Rxa8 49. Qxa8+ Kg7 50. Qb7+ Kh6 51. a7
1-0

[Event "XXXVII Olimpiadi femminile"]
[Site "Torino ITA"]
[Date "2006.05.25"]
[Round "5.3"]
[White "Pham, Bich Ngoc"]
[Black "Pokorna, Regina"]
[Result "1/2-1/2"]
[WhiteElo "2080"]
[BlackElo "2338"]
[Annotator "VIE-SVK"]
[PlyCount "75"]
[EventDate "2006.05.21"]

1. c4 Nf6 2. g3 e6 3. Bg2 d5 4. Nf3 dxc4 5. Qc2 c6 6. Qxc4 b5 7. Qc2 Bb7 8. d4
Nbd7 9. O-O Be7 10. Rd1 Rc8 11. Ne5 Qb6 12. Nxd7 Nxd7 13. e4 O-O 14. Be3 c5 15.
Qe2 Rfd8 16. Nc3 b4 17. Na4 Qa5 18. Nxc5 Nxc5 19. dxc5 Bxc5 20. Rxd8+ Rxd8 21.
Bxc5 Qxc5 22. Rd1 Rxd1+ 23. Qxd1 h6 24. h4 Qc7 25. Qd4 a5 26. Qa7 e5 27. Bf1
Kh7 28. Kh2 Qc6 29. Bd3 a4 30. Qb8 Qd7 31. Bc4 Bxe4 32. Qxe5 Ba8 33. h5 Bb7 34.
Qb5 Bc6 35. Bd3+ g6 36. hxg6+ fxg6 37. Qc4 Qd5 38. Qxd5 1/2-1/2

[Event "XXXVII Olimpiadi femminile"]
[Site "Torino ITA"]
[Date "2006.05.25"]
[Round "5.1"]
[White "Mkrtchian, Lilit"]
[Black "Dembo, Yelena"]
[Result "1/2-1/2"]
[WhiteElo "2453"]
[BlackElo "2464"]
[Annotator "ARM-GRE"]
[PlyCount "72"]
[EventDate "2006.05.21"]

1. d4 Nf6 2. c4 g6 3. Nf3 Bg7 4. g3 O-O 5. Bg2 d6 6. Nc3 Nc6 7. O-O a6 8. d5
Na5 9. Nd2 c5 10. Rb1 e5 11. dxe6 Bxe6 12. b3 Rb8 13. Bb2 b5 14. cxb5 axb5 15.
Nde4 Nxe4 16. Nxe4 Nb7 17. Bxg7 Kxg7 18. Qd3 Bf5 19. Qxb5 Re8 20. f3 Na5 21.
Qa6 Qb6 22. Qxb6 Rxb6 23. Rbc1 Bxe4 24. fxe4 Nc6 25. Rfd1 Ne5 26. Rd2 Kf6 27.
h3 h5 28. Kf2 Ke7 29. e3 Rb4 30. Rc3 Ra8 31. Bf1 Ra3 32. Bd3 Rb7 33. Ke2 Rba7
34. Bb1 Ke6 35. Rc1 R7a6 36. Rb2 Rb6 1/2-1/2

[Event "XXXVII Olimpiadi femminile"]
[Site "Torino ITA"]
[Date "2006.05.25"]
[Round "5.2"]
[White "Botsari, Anna-Maria"]
[Black "Danielian, Elina"]
[Result "0-1"]
[WhiteElo "2341"]
[BlackElo "2422"]
[Annotator "ARM-GRE"]
[PlyCount "73"]
[EventDate "2006.05.21"]

1. d4 d5 2. c4 c6 3. Nf3 Nf6 4. e3 e6 5. Nbd2 c5 6. cxd5 exd5 7. Be2 Nc6 8.
dxc5 Bxc5 9. O-O O-O 10. a3 Re8 11. b4 Bd6 12. Bb2 Bc7 13. Rc1 a6 14. Nb3 Qd6
15. Nc5 Ng4 16. g3 Qh6 17. Qxd5 Be5 18. Bxe5 Rxe5 19. Qd2 b6 20. Nd3 Bb7 21.
Rfd1 Rf5 22. e4 Nd4 23. Qxh6 Nxe2+ 24. Kg2 Bxe4 25. Qh4 Bxf3+ 26. Kf1 Nxc1 27.
Rxc1 g5 28. Qh3 Rf6 29. Ne1 Ne3+ 30. fxe3 Bg4+ 31. Kg2 Bxh3+ 32. Kxh3 Rd8 33.
Kg4 Rf1 34. Kxg5 Re8 35. a4 Kg7 36. a5 bxa5 37. bxa5 0-1

[Event "XXXVII Olimpiadi femminile"]
[Site "Torino ITA"]
[Date "2006.05.25"]
[Round "5.1"]
[White "Koneru, Humpy"]
[Black "Atalik Polovnikova, Ekaterina"]
[Result "1-0"]
[WhiteElo "2548"]
[BlackElo "2393"]
[Annotator "IND-TUR"]
[PlyCount "93"]
[EventDate "2006.05.21"]

1. d4 d5 2. c4 c6 3. e3 Nf6 4. Nc3 g6 5. Nf3 Bg7 6. Be2 O-O 7. O-O a5 8. Bd2
Ne4 9. cxd5 cxd5 10. Qb3 Nc6 11. Na4 Nxd2 12. Nxd2 e5 13. dxe5 d4 14. Nf3 Be6
15. Qxb7 Bd5 16. Qb6 d3 17. Bd1 Rb8 18. Qxd8 Rfxd8 19. Bb3 Bxf3 20. gxf3 Nxe5
21. Kg2 d2 22. Rfd1 Nd3 23. Rab1 Ne1+ 24. Kf1 Nxf3 25. Ke2 Nxh2 26. f3 Rb4 27.
Nc5 Rh4 28. Rh1 Re8 29. Ne4 Re7 30. Nc3 Bh6 31. Nd5 Re5 32. f4 Re6 33. Rbd1 Rh5
34. Rxd2 Kg7 35. Rc2 Ng4 36. Rxh5 gxh5 37. Kf3 Nf6 38. Rc7 Nxd5 39. Bxd5 Rf6
40. Ra7 h4 41. Kg4 Kf8 42. Rxa5 Bg7 43. Ra8+ Ke7 44. Ra7+ Kd6 45. Bxf7 Kc5 46.
Bh5 h3 47. Kxh3 1-0

[Event "XXXVII Olimpiadi femminile"]
[Site "Torino ITA"]
[Date "2006.05.25"]
[Round "5.2"]
[White "Topel, Zehra"]
[Black "Harika, Dronavalli"]
[Result "1/2-1/2"]
[WhiteElo "2132"]
[BlackElo "2358"]
[Annotator "IND-TUR"]
[PlyCount "38"]
[EventDate "2006.05.21"]

1. d4 Nf6 2. c4 e6 3. Nf3 Bb4+ 4. Nbd2 b6 5. a3 Bxd2+ 6. Qxd2 Bb7 7. e3 O-O 8.
Be2 d6 9. O-O Nbd7 10. b3 Ne4 11. Qc2 f5 12. Ne1 Qh4 13. Bf3 g5 14. g3 Qh6 15.
Bg2 g4 16. f3 gxf3 17. Nxf3 Rae8 18. b4 Rf7 19. a4 Rg7 1/2-1/2

[Event "XXXVII Olimpiadi femminile"]
[Site "Torino ITA"]
[Date "2006.05.25"]
[Round "5.1"]
[White "Geldyeva, Mekhri"]
[Black "Dzagnidze, Nana"]
[Result "0-1"]
[WhiteElo "2274"]
[BlackElo "2454"]
[Annotator "TKM-GEO"]
[PlyCount "164"]
[EventDate "2006.05.21"]

1. d4 Nf6 2. c4 e6 3. Nf3 b6 4. g3 Ba6 5. b3 d5 6. cxd5 exd5 7. Bg2 Bd6 8. O-O
O-O 9. Bb2 Nbd7 10. Re1 Re8 11. Nc3 c6 12. Qc2 Rc8 13. Rad1 Qe7 14. Nh4 g6 15.
e4 dxe4 16. Nxe4 Nd5 17. Nf3 Bb4 18. Ned2 Qd8 19. Rxe8+ Qxe8 20. a3 Bf8 21. Re1
Qd8 22. Ne5 N7f6 23. Ne4 Nxe4 24. Qxe4 Bb7 25. h4 Rc7 26. h5 f6 27. Nd3 Re7 28.
Qf3 Rxe1+ 29. Nxe1 Qe7 30. Nd3 Bh6 31. hxg6 hxg6 32. Qg4 Kg7 33. Qe4 Kf7 34. f4
Bf8 35. Kf2 Qd7 36. Ne1 Bd6 37. Nf3 Ne7 38. Nh4 Bc8 39. Qd3 Kg7 40. Qc3 Qe6 41.
Qc4 b5 42. Qxe6 Bxe6 43. b4 Bd5 44. Bf3 Kf7 45. Ng2 Ke6 46. Ne3 Bxf3 47. Kxf3
f5 48. Bc1 Bc7 49. Ke2 g5 50. Ng2 Ng6 51. fxg5 Bxg3 52. Kf3 Bc7 53. Nf4+ Bxf4
54. Bxf4 Kd5 55. Ke3 Kc4 56. Bb8 a6 57. Bd6 Kc3 58. Bc5 Kc4 59. Bd6 Kd5 60. Bf4
Ke6 61. Bb8 Ne7 62. Bf4 Kf7 63. Kf3 Kg6 64. Bc1 Nd5 65. Bd2 Nc7 66. Kf4 Ne6+
67. Ke5 Nxg5 68. Be3 Nh3 69. Kd6 f4 70. Bxf4 Nxf4 71. Kxc6 Kf5 72. Kb6 Ne2 73.
Kxa6 Nc3 74. Kb6 Ke6 75. Kc6 Ke7 76. d5 Kd8 77. d6 Kc8 78. d7+ Kd8 79. Kd6 Nb1
80. a4 bxa4 81. b5 Na3 82. b6 Nc4+ 0-1

[Event "XXXVII Olimpiadi femminile"]
[Site "Torino ITA"]
[Date "2006.05.25"]
[Round "5.2"]
[White "Javakhishvili, Lela"]
[Black "Hallaeva, Bahar"]
[Result "1-0"]
[WhiteElo "2410"]
[BlackElo "2135"]
[Annotator "TKM-GEO"]
[PlyCount "49"]
[EventDate "2006.05.21"]

1. d4 Nf6 2. Nf3 e6 3. c4 b6 4. Nc3 Bb4 5. Bg5 h6 6. Bh4 Bb7 7. e3 O-O 8. Bd3
d6 9. O-O Bxc3 10. bxc3 Nbd7 11. Nd2 e5 12. f4 Qe8 13. fxe5 dxe5 14. d5 e4 15.
Be2 c6 16. dxc6 Bxc6 17. Nb3 Ba4 18. Qd6 Qe6 19. Qg3 Nh7 20. Nd4 Qe5 21. Qe1 f5
22. Bg3 Qa5 23. Bd6 Rf6 24. c5 g6 25. Nb3 1-0

[Event "XXXVII Olimpiadi femminile"]
[Site "Torino ITA"]
[Date "2006.05.25"]
[Round "5.1"]
[White "Muzychuk, Anna"]
[Black "Berezina, Irina"]
[Result "1-0"]
[WhiteElo "2418"]
[BlackElo "2281"]
[Annotator "SLO-AUS"]
[PlyCount "95"]
[EventDate "2006.05.21"]

1. e4 c5 2. Nf3 d6 3. c3 Nf6 4. Be2 Qc7 5. O-O Bd7 6. d3 g6 7. Re1 Bg7 8. Bf1
O-O 9. d4 b6 10. e5 dxe5 11. dxe5 Ne8 12. Bf4 Qc8 13. c4 Nc7 14. Nc3 Nc6 15. h3
Ne6 16. Bd2 Rd8 17. Nd5 Nc7 18. Qe2 Be6 19. Nf4 Nd4 20. Nxd4 Rxd4 21. b3 Qa6
22. g3 Rb8 23. Bc3 Rdd8 24. Bg2 Bh6 25. Nxe6 Nxe6 26. Bd5 Qc8 27. Rad1 Bg7 28.
f4 Nd4 29. Bxd4 cxd4 30. e6 f5 31. g4 fxg4 32. hxg4 Qc7 33. Rf1 Rf8 34. Qh2 b5
35. Rd3 bxc4 36. Bxc4 g5 37. f5 Qxh2+ 38. Kxh2 Rfd8 39. f6 Bf8 40. fxe7 Bxe7
41. Rf7 Rb7 42. Kg2 Rc7 43. Rh3 h5 44. Rxh5 d3 45. Rhh7 d2 46. Rfg7+ Kf8 47.
Rg6 Bf6 48. e7+ 1-0

[Event "XXXVII Olimpiadi femminile"]
[Site "Torino ITA"]
[Date "2006.05.25"]
[Round "5.2"]
[White "Moylan, Laura"]
[Black "Krivec, Jana"]
[Result "0-1"]
[WhiteElo "2127"]
[BlackElo "2323"]
[Annotator "SLO-AUS"]
[PlyCount "48"]
[EventDate "2006.05.21"]

1. e4 e5 2. Nf3 Nc6 3. d4 exd4 4. Bc4 Nf6 5. e5 Ne4 6. Bd5 Nc5 7. O-O Ne6 8. c3
dxc3 9. Nxc3 d6 10. exd6 Bxd6 11. Ne4 O-O 12. Nfg5 Nxg5 13. Nxg5 h6 14. Ne4 Nb4
15. Nxd6 Nxd5 16. Qxd5 Qxd6 17. Qf3 c6 18. Be3 Be6 19. Qf4 Qxf4 20. Bxf4 Rfd8
21. b3 a5 22. Rab1 a4 23. bxa4 Rxa4 24. Rxb7 Rxf4 0-1

[Event "XXXVII Olimpiadi femminile"]
[Site "Torino ITA"]
[Date "2006.05.25"]
[Round "5.3"]
[White "Novak, Ksenija"]
[Black "Caoili, Arianne"]
[Result "1-0"]
[WhiteElo "2182"]
[BlackElo "2169"]
[Annotator "SLO-AUS"]
[PlyCount "111"]
[EventDate "2006.05.21"]

1. e4 e5 2. Nf3 Nc6 3. Nc3 Nf6 4. g3 d5 5. exd5 Nxd5 6. Bg2 Nxc3 7. bxc3 Bd6 8.
O-O O-O 9. d3 Bg4 10. Rb1 Rb8 11. Bb2 Qd7 12. Qc1 h6 13. c4 b6 14. Re1 Rbe8 15.
Bc3 Bh3 16. Qb2 Bxg2 17. Kxg2 f6 18. Qb5 Bc5 19. Nd2 a6 20. Qa4 f5 21. Nb3 f4
22. Nxc5 f3+ 23. Kh1 bxc5 24. Re4 Rb8 25. Rg1 Rb6 26. Qa3 Qd6 27. Qc1 Nd4 28.
Bxd4 exd4 29. h3 Rf5 30. g4 Rf8 31. c3 Qf6 32. cxd4 cxd4 33. Rg3 Rfb8 34. Qf4
g5 35. Qxf3 Rb1+ 36. Kg2 Qd6 37. Qf5 Rf8 38. Qe6+ Qxe6 39. Rxe6 Rb2 40. Rf3
Rxf3 41. Kxf3 Rxa2 42. Rxh6 Kg7 43. Rc6 a5 44. Rxc7+ Kf6 45. Ke4 Rxf2 46. Kxd4
Rh2 47. Ra7 Rxh3 48. Rxa5 Rg3 49. c5 Rxg4+ 50. Kd5 Rg1 51. Ra6+ Ke7 52. Ra7+
Kf6 53. c6 g4 54. c7 Rc1 55. Ra6+ Ke7 56. Rc6 1-0

[Event "XXXVII Olimpiadi femminile"]
[Site "Torino ITA"]
[Date "2006.05.25"]
[Round "5.1"]
[White "Aketayeva, Dana"]
[Black "Hernandez Guerrero, Yadira"]
[Result "1/2-1/2"]
[WhiteElo "2328"]
[BlackElo "2225"]
[Annotator "KAZ-MEX"]
[PlyCount "129"]
[EventDate "2006.05.21"]

1. e4 c5 2. Nf3 e6 3. d4 cxd4 4. Nxd4 Nc6 5. Nxc6 bxc6 6. Bd3 d6 7. c4 Nf6 8.
Nc3 Be7 9. O-O O-O 10. Be3 Bb7 11. Qe2 Re8 12. Rad1 Qc7 13. f4 c5 14. Bc1 Nd7
15. Rf3 Bf6 16. Nb5 Qb6 17. Bc2 Bd4+ 18. Kh1 e5 19. f5 f6 20. Rg3 Kh8 21. Qh5
Re7 22. Rf1 a6 23. Nc3 Bc6 24. Rff3 Qb7 25. Rh3 Nf8 26. Rh4 Bxc3 27. Rxc3 Be8
28. Qd1 Rd8 29. Rd3 Bf7 30. b3 Red7 31. Rdh3 a5 32. a4 Bg8 33. Bd2 Qb6 34. Qe1
Ra7 35. Bd1 Rb8 36. Bh5 Rab7 37. Bg6 Qc6 38. Rxh7+ Bxh7 39. Rxh7+ Kg8 40. Qh4
Nxh7 41. Qxh7+ Kf8 42. Qh8+ Ke7 43. Qxg7+ Kd8 44. Bxa5+ Rb6 45. Qxf6+ Kc8 46.
Qe6+ Kb7 47. Bxb6 Qxe4 48. Qd7+ Kxb6 49. Qxd6+ Ka5 50. Qxc5+ Ka6 51. h3 Rxb3
52. Qd6+ Rb6 53. Qd2 Qxc4 54. Be8 Qf1+ 55. Kh2 Qxf5 56. Bb5+ Kb7 57. Qd7+ Qxd7
58. Bxd7 Rd6 59. Bb5 e4 60. Kg3 Rf6 61. h4 Kb6 62. h5 e3 63. h6 Rxh6 64. Kf3
Rg6 65. Kxe3 1/2-1/2

[Event "XXXVII Olimpiadi femminile"]
[Site "Torino ITA"]
[Date "2006.05.25"]
[Round "5.2"]
[White "Przezdziecka, Marta"]
[Black "Zuriel, Marisa"]
[Result "1-0"]
[WhiteElo "2265"]
[BlackElo "2214"]
[Annotator "ARG-POL"]
[PlyCount "75"]
[EventDate "2006.05.21"]

1. d4 Nf6 2. Nf3 g6 3. c4 Bg7 4. Nc3 d6 5. Bg5 O-O 6. e3 h6 7. Bh4 Nbd7 8. Be2
g5 9. Bg3 Nh5 10. Qc2 Nxg3 11. hxg3 e6 12. g4 f5 13. gxf5 exf5 14. Bd3 Nb8 15.
O-O-O Nc6 16. a3 Ne7 17. c5 d5 18. g4 c6 19. Ne5 Qe8 20. Rdg1 f4 21. Bh7+ Kh8
22. Bg6 Nxg6 23. Nxg6+ Kg8 24. Nxf8 Qxf8 25. Qg6 fxe3 26. fxe3 Qf3 27. Nd1 Bxg4
28. Rxh6 Qf5 29. Qxf5 Bxf5 30. Rxg5 Be4 31. Rd6 Rf8 32. Rd7 Rf7 33. Rxf7 Kxf7
34. Kd2 Bf6 35. Rg1 Bd8 36. Nf2 Bf5 37. Ng4 Bc7 38. Nh6+ 1-0

[Event "XXXVII Olimpiadi femminile"]
[Site "Torino ITA"]
[Date "2006.05.25"]
[Round "5.3"]
[White "Sarquis, Maria Belen"]
[Black "Majdan, Joanna"]
[Result "0-1"]
[WhiteElo "2153"]
[BlackElo "2297"]
[Annotator "ARG-POL"]
[PlyCount "50"]
[EventDate "2006.05.21"]

1. e4 c5 2. Nf3 d6 3. d4 cxd4 4. Qxd4 Nc6 5. Bb5 Bd7 6. Bxc6 Bxc6 7. c4 f5 8.
Nc3 fxe4 9. Ng5 e5 10. Qe3 Nf6 11. O-O Qc8 12. Rd1 Qf5 13. Nd5 Bxd5 14. cxd5
Be7 15. Ne6 Kf7 16. Qb3 Rhc8 17. Be3 h6 18. Rac1 b6 19. a4 Rab8 20. Qa2 Qh5 21.
b4 Rc3 22. h3 Rbc8 23. Qd2 Rd3 24. Qe1 Rxc1 25. Rxc1 Nxd5 0-1

[Event "XXXVII Olimpiadi femminile"]
[Site "Torino ITA"]
[Date "2006.05.25"]
[Round "5.1"]
[White "Azarova, Nadezhda"]
[Black "Pina Vega, Sulennis"]
[Result "1/2-1/2"]
[WhiteElo "2281"]
[BlackElo "2334"]
[Annotator "BLR-CUB"]
[PlyCount "101"]
[EventDate "2006.05.21"]

1. e4 c5 2. Nf3 d6 3. d4 cxd4 4. Nxd4 Nf6 5. Nc3 Nc6 6. Bc4 e6 7. Be3 a6 8. Qe2
Na5 9. Bd3 b5 10. O-O Qc7 11. f3 Be7 12. b4 Qxc3 13. bxa5 O-O 14. Nb3 Bb7 15.
a4 bxa4 16. Rxa4 Qc6 17. Rfa1 Rfc8 18. Rc4 Qd7 19. Rxc8+ Qxc8 20. Bd4 Nd7 21.
Ra4 Bc6 22. Ra1 Bb7 23. Nd2 e5 24. Be3 d5 25. exd5 Bxd5 26. Nc4 Bxc4 27. Bxc4
Nc5 28. Kh1 Ne6 29. Bxe6 Qxe6 30. Bb6 f5 31. Rd1 Rc8 32. Qxa6 Rxc2 33. Qa8+ Kf7
34. h3 Ra2 35. Qd5 Qxd5 36. Rxd5 Ra1+ 37. Kh2 Ke6 38. Rd2 Bd6 39. Kg3 g5 40.
Kf2 h5 41. Rb2 Kd7 42. Be3 f4 43. Bb6 Kc6 44. Ke2 Kd5 45. Rd2+ Ke6 46. Rb2 Kf5
47. Kd3 Ra4 48. Kc3 g4 49. hxg4+ hxg4 50. Kb3 Rb4+ 51. Kc3 1/2-1/2

[Event "XXXVII Olimpiadi femminile"]
[Site "Torino ITA"]
[Date "2006.05.25"]
[Round "5.2"]
[White "Marrero Lopez, Yaniet"]
[Black "Popova, Natalija"]
[Result "1/2-1/2"]
[WhiteElo "2269"]
[BlackElo "2223"]
[Annotator "BLR-CUB"]
[PlyCount "110"]
[EventDate "2006.05.21"]

1. e4 c5 2. Nf3 Nc6 3. Bb5 g6 4. Bxc6 dxc6 5. d3 Bg7 6. h3 Nf6 7. Nc3 c4 8.
dxc4 Qxd1+ 9. Kxd1 Be6 10. Nd2 O-O-O 11. Ke2 Nd7 12. Nd1 Nb6 13. Ne3 Bd4 14.
Rb1 Bxe3 15. Kxe3 Nxc4+ 16. Nxc4 Bxc4 17. b3 Be6 18. Bb2 f6 19. Rhd1 Rxd1 20.
Rxd1 Rd8 21. Rxd8+ Kxd8 22. e5 f5 23. Kf4 h6 24. h4 Ke8 25. Bc1 Kf7 26. f3 Bd7
27. Kg3 h5 28. Be3 b6 29. Bf4 Ke6 30. Kf2 Kd5 31. Ke3 c5 32. c4+ Ke6 33. Kd3
Bc6 34. Bh2 Bb7 35. Ke3 Bc6 36. Kf4 a6 37. Kg5 Be8 38. Kh6 Kf7 39. Bg3 Bd7 40.
Bf2 Be6 41. Be3 Bd7 42. Kg5 Be6 43. Bg1 Kg7 44. Kf4 Kf7 45. Ke3 Ke8 46. Kd3 Kd7
47. f4 Kc6 48. Kc3 Kc7 49. a3 Kc6 50. b4 Bf7 51. g3 Be6 52. bxc5 bxc5 53. Bf2
Bf7 54. Bg1 Be6 55. Bf2 Bf7 1/2-1/2

[Event "XXXVII Olimpiadi femminile"]
[Site "Torino ITA"]
[Date "2006.05.25"]
[Round "5.2"]
[White "Moncayo Romero, Evelyn"]
[Black "Castaneda, Ada"]
[Result "1-0"]
[WhiteElo "2261"]
[BlackElo "2017"]
[Annotator "ESA-ECU"]
[PlyCount "47"]
[EventDate "2006.05.21"]

1. e4 e5 2. Nf3 d5 3. exd5 e4 4. Qe2 Be7 5. Qxe4 Nf6 6. Qa4+ c6 7. dxc6 Nxc6 8.
Bb5 Bd7 9. O-O a6 10. Bxc6 Bxc6 11. Qd4 Qc7 12. Qe5 Qd7 13. d3 Bxf3 14. gxf3
O-O 15. Bf4 Rac8 16. Nc3 Rc5 17. Qe2 Rh5 18. Rfe1 Re8 19. Bg3 Rh3 20. Ne4 Nd5
21. c4 Nb4 22. d4 Kf8 23. d5 a5 24. d6 1-0

[Event "XXXVII Olimpiadi femminile"]
[Site "Torino ITA"]
[Date "2006.05.25"]
[Round "5.3"]
[White "Melendez, Gabriela Maria"]
[Black "Vasquez Ramirez, Rocio"]
[Result "1-0"]
[WhiteElo "1883"]
[BlackElo "2252"]
[Annotator "ESA-ECU"]
[PlyCount "85"]
[EventDate "2006.05.21"]

1. e4 c5 2. Nf3 e6 3. c4 Nc6 4. d4 cxd4 5. Nxd4 Nf6 6. Nc3 d6 7. Be2 Be7 8. Be3
a6 9. Qd2 O-O 10. O-O Qc7 11. Rac1 Nd7 12. f3 Nc5 13. Nc2 b6 14. b4 Nd7 15. a3
Rd8 16. Nd4 Bf8 17. Nd5 Qb7 18. Nxc6 Qxc6 19. Nc3 Bb7 20. Rfd1 Qc7 21. Qc2 Rac8
22. Rd2 Qb8 23. Qd1 Bc6 24. Bf4 Ne5 25. Bxe5 dxe5 26. Rcc2 a5 27. b5 Ba8 28.
Qc1 Rd4 29. Na4 Rcd8 30. Rxd4 exd4 31. Bd3 Bd6 32. g3 e5 33. c5 bxc5 34. Nxc5
Kf8 35. Nd7+ Rxd7 36. Rc8+ Qxc8 37. Qxc8+ Ke7 38. Qxa8 Rc7 39. b6 Rc3 40. Qa6
Rxa3 41. b7 Rb3 42. Bb5 Bb8 43. Qc6 1-0

[Event "XXXVII Olimpiadi femminile"]
[Site "Torino ITA"]
[Date "2006.05.25"]
[Round "5.1"]
[White "Jackova, Jana"]
[Black "Reizniece, Dana"]
[Result "1/2-1/2"]
[WhiteElo "2389"]
[BlackElo "2287"]
[Annotator "CZE-LAT"]
[PlyCount "108"]
[EventDate "2006.05.21"]

1. e4 d6 2. d4 Nf6 3. Nc3 g6 4. Be3 c6 5. Qd2 Nbd7 6. Nf3 b5 7. Bd3 Qc7 8. Bh6
Bxh6 9. Qxh6 Bb7 10. a3 a6 11. O-O c5 12. Rfe1 cxd4 13. Nxd4 Qc5 14. Nb3 Qxf2+
15. Kxf2 Ng4+ 16. Kg1 Nxh6 17. Na5 Rb8 18. Nxb7 Rxb7 19. a4 bxa4 20. Bxa6 Ra7
21. Rxa4 O-O 22. Bd3 Rxa4 23. Nxa4 Rb8 24. Rb1 Ng4 25. b4 Nge5 26. Rb3 e6 27.
h3 Kf8 28. Kf2 Ke7 29. Ke3 f5 30. Nb2 fxe4 31. Bxe4 d5 32. Bd3 Kd6 33. c4 Nxd3
34. Kxd3 e5 35. cxd5 Kxd5 36. Kc2 e4 37. Nd1 Kd4 38. Ne3 Nb6 39. Kd2 Rf8 40.
Ke2 Ra8 41. Rb2 Ra4 42. b5 Kc5 43. Kf2 Rd4 44. Ng4 Nc4 45. Re2 Kxb5 46. Nf6 e3+
47. Kf3 Kb4 48. Ng4 Kc3 49. Nxe3 Ne5+ 50. Kf2 Kd3 51. Nd1 Rf4+ 52. Ke1 Nc4 53.
Nb2+ Nxb2 54. Rxb2 Rf7 1/2-1/2

[Event "XXXVII Olimpiadi femminile"]
[Site "Torino ITA"]
[Date "2006.05.25"]
[Round "5.2"]
[White "Rogule, Laura"]
[Black "Sikorova, Olga"]
[Result "1-0"]
[WhiteElo "2309"]
[BlackElo "2276"]
[Annotator "CZE-LAT"]
[PlyCount "129"]
[EventDate "2006.05.21"]

1. c4 e6 2. Nc3 d5 3. d4 Nf6 4. Bg5 Bb4 5. Nf3 Nbd7 6. e3 c5 7. cxd5 exd5 8.
Bb5 Qa5 9. O-O Bxc3 10. Bxd7+ Bxd7 11. bxc3 c4 12. Bxf6 gxf6 13. e4 Rg8 14. Kh1
O-O-O 15. Re1 dxe4 16. Rxe4 Bc6 17. Re3 Rg6 18. Qe2 Rdg8 19. Rg1 Qd5 20. h3 f5
21. Ne1 f4 22. Re5 Qd7 23. Kh2 f3 24. Nxf3 f6 25. Re3 Qd5 26. g3 Rh6 27. Re1 f5
28. Rg1 Rgg6 29. Re1 f4 30. Re8+ Kc7 31. Qe7+ Qd7 32. Qe5+ Kb6 33. Qc5+ Ka6 34.
Qa3+ Ba4 35. h4 b5 36. Qc5 fxg3+ 37. fxg3 Qg4 38. Qc8+ Qxc8 39. Rxc8 Re6 40.
Rxe6+ Rxe6 41. Ne5 Kb7 42. Rf8 Bc2 43. Rf7+ Kb6 44. g4 a5 45. g5 Bd1 46. Kg3 b4
47. Rf1 Bh5 48. cxb4 c3 49. bxa5+ Kxa5 50. Rc1 Kb4 51. Kf4 Ra6 52. Rb1+ Ka4 53.
Rb3 c2 54. Rc3 Bd1 55. Nd3 Ra8 56. d5 Rd8 57. Ke4 Bh5 58. Rxc2 Bg6+ 59. Kd4
Bxd3 60. Kxd3 Rxd5+ 61. Ke4 Rb5 62. Rc7 Rb4+ 63. Kd5 Rb5+ 64. Ke6 h6 65. g6 1-0

[Event "XXXVII Olimpiadi femminile"]
[Site "Torino ITA"]
[Date "2006.05.25"]
[Round "5.3"]
[White "Blazkova, Petra"]
[Black "Safranska, Anda"]
[Result "0-1"]
[WhiteElo "2242"]
[BlackElo "2279"]
[Annotator "CZE-LAT"]
[PlyCount "98"]
[EventDate "2006.05.21"]

1. e4 g6 2. d4 Bg7 3. Nc3 c6 4. Nf3 d6 5. Be3 Nd7 6. Qd2 b5 7. Bd3 Qc7 8. O-O-O
a6 9. Kb1 e5 10. Ne2 Bb7 11. c3 c5 12. dxe5 dxe5 13. Ng5 Ngf6 14. f3 O-O 15.
Nc1 c4 16. Bc2 Rfe8 17. h4 h5 18. g4 Nf8 19. Qf2 Rac8 20. Ne2 hxg4 21. f4 exf4
22. Bxf4 Qc5 23. Be3 Qe7 24. Ng3 N6d7 25. h5 Ne5 26. Rdf1 Rc6 27. hxg6 fxg6 28.
Qh2 Rf6 29. Rd1 Nf3 30. Nxf3 Rxf3 31. Bd4 Be5 32. Bxe5 Qxe5 33. Rd7 Nxd7 34.
Qh7+ Kf8 35. Qxd7 Bc8 36. Qh7 Rxg3 37. Qh6+ Ke7 38. Qh7+ Kf6 39. Rd1 Be6 40. a3
Rh3 41. Rf1+ Kg5 42. Qa7 Kh6 43. Qf2 g3 44. Qe3+ Qg5 45. Qa7 g2 46. Rg1 Rh1 47.
Ka2 Rxg1 48. Qxg1 Rf8 49. Qh2+ Kg7 0-1

[Event "XXXVII Olimpiadi femminile"]
[Site "Torino ITA"]
[Date "2006.05.25"]
[Round "5.3"]
[White "Milliet, Sophie"]
[Black "Marmono, Roslina"]
[Result "1-0"]
[WhiteElo "2330"]
[BlackElo "1976"]
[Annotator "FRA-MAS"]
[PlyCount "79"]
[EventDate "2006.05.21"]

1. e4 e6 2. d4 d5 3. e5 c5 4. c3 Nc6 5. Nf3 Qb6 6. a3 cxd4 7. cxd4 Nh6 8. Nc3
Nf5 9. Na4 Qd8 10. b4 a6 11. Bb2 Be7 12. Bd3 O-O 13. O-O g6 14. Nc5 b6 15. Nxa6
Bxa6 16. Bxa6 Nxe5 17. dxe5 Rxa6 18. g4 Nh4 19. Nd4 Qd7 20. Qd3 Raa8 21. b5 Bc5
22. Qg3 g5 23. a4 Ng6 24. Nf3 Nf4 25. Kh1 h6 26. h4 Kg7 27. Bc1 Ne2 28. Qh2
Nxc1 29. Rfxc1 Qe7 30. Kg2 Ba3 31. Rh1 Rxa4 32. hxg5 Rxg4+ 33. Kf1 Rh8 34. Qh5
Rc4 35. gxh6+ Kf8 36. h7 Rc1+ 37. Rxc1 Bxc1 38. Kg2 Qc5 39. Qh4 Qc2 40. Qd8+
1-0